000 01105cam a2200145 4500500
005 20260329000450.0
041 _afre
042 _adc
100 1 0 _aBriand-Ponsart, Claude
_eauthor
700 1 0 _aHurlet, Frédéric
_eauthor
245 0 0 _aL'Empire romain d'Auguste à Domitien
260 _bArmand Colin,
_c2024.
520 _aDe la prise du pouvoir par Auguste (31 a.C.) à la mort de Domitien (96 p.C.), l’histoire de Rome a connu de profonds bouleversements, marqués par l’avènement des Julio-Claudiens, puis des Flaviens, et par une grande extension de son Empire.À travers la transformation de la République romaine en une monarchie impériale, ce manuel de synthèse retrace l’histoire politique de Rome et ses mutations économiques, sociales et religieuses.Composé d’une multitude de cités, encadré par une administration hiérarchisée, le monde provincial est étudié, tant du point de vue des gouvernants que de celui des gouvernés.
856 4 1 _uhttps://shs.cairn.info/l-empire-romain-d-auguste-a-domitien-5e-ed--9782200638924?lang=fr&redirect-ssocas=7080
999 _c1796020
_d1796020